Biokulturologie: evoluce a kultura /

Hlavní autor: Soukup, Martin, 1977-
Korporativní autor: Unie Comenius
Jazyk: Čeština
Vydáno: Praha : Univerzita Karlova v Praze, Pedagogická fakulta, 2010
Témata:
Externí odkaz: Digitalizovaný dokument
Fyzický popis: 224 s. : il., portréty ; 21 cm
Knihy
Uloženo v:
LEADER 01780nam a2200505 a 4500
001 nkc20112167185
003 CZ PrNK
005 20110601071839.0
007 ta
008 110321s2010 xr ac f 000 0 cze
015 |a cnb002167185 
020 |a 978-80-7290-440-2  |q (brož.) 
035 |a (OCoLC)724297420 
040 |a ABA001  |b cze 
072 7 |a 13  |x Filozofie ducha  |2 Konspekt  |9 5 
080 |a 316.7-026.18  |2 MRF 
080 |a 575.8  |2 MRF 
080 |a 575.858  |2 MRF 
080 |a 130.2  |2 MRF 
080 |a (048.8)  |2 MRF 
100 1 |a Soukup, Martin,  |d 1977-  |7 mzk2005312982  |4 aut 
245 1 0 |a Biokulturologie: evoluce a kultura /  |c Martin Soukup 
246 3 0 |a Evoluce a kultura 
260 |a Praha :  |b Univerzita Karlova v Praze, Pedagogická fakulta,  |c 2010 
300 |a 224 s. :  |b il., portréty ;  |c 21 cm 
500 |a Nad názvem: Unie Comenius 
504 |a Obsahuje bibliografii a bibliografické odkazy 
650 0 7 |a kulturní evoluce  |7 ph115031  |2 czenas 
650 0 7 |a evoluce (biologie)  |7 ph114506  |2 czenas 
650 0 7 |a evoluční teorie  |7 ph120055  |2 czenas 
650 0 7 |a kulturologie  |7 ph122031  |2 czenas 
650 0 9 |a cultural evolution  |2 eczenas 
650 0 9 |a evolution (biology)  |2 eczenas 
650 0 9 |a evolutionary theories  |2 eczenas 
650 0 9 |a culturology  |2 eczenas 
653 0 |a biokulturologie 
655 7 |a monografie  |7 fd132842  |2 czenas 
655 9 |a monographs  |2 eczenas 
710 2 |a Unie Comenius  |7 pna2009497808 
856 4 1 |u http://www.digitalniknihovna.cz/mzk/uuid/uuid:8586cc50-94b7-11e8-87bd-005056827e52  |y Digitalizovaný dokument  |x NDK 
910 2 |a BOA001  |b 2-1266.575 
990 |a BK 
995 |a 01 
991 |b 201106  |c NOV  |e n 
996 6 |b 2610466743  |c 2-1266.575  |l MZK  |r Sklad / do 1 hodiny  |n 7  |p p.v.  |w 001181588  |u 000010  |a 1  |e BOA001  |j MZK50  |s P